L'argent et sa fonction
Đã lưu trong:
| Príomhúdar: | |
|---|---|
| Formáid: | Leabhar |
| Teanga: | Undetermined |
| Foilsithe: |
Paris
Editions Grammont S. A.
1975
|
| Ábhair: | |
| Clibeanna: |
Cuir Clib Leis
Gan Chlibeanna, Bí ar an gcéad duine leis an taifead seo a chlibeáil!
|
| Thư viện lưu trữ: | Trung tâm Học liệu Trường Đại học Cần Thơ |
|---|
| LEADER | 00454nam a2200169Ia 4500 | ||
|---|---|---|---|
| 001 | CTU_79174 | ||
| 008 | 210402s9999 xx 000 0 und d | ||
| 082 | |a 791.43 | ||
| 082 | |b L163 | ||
| 100 | |a Laffont, Robert | ||
| 245 | 0 | |a L'argent et sa fonction | |
| 245 | 0 | |c Robert Laffont | |
| 260 | |a Paris | ||
| 260 | |b Editions Grammont S. A. | ||
| 260 | |c 1975 | ||
| 650 | |a Argent (Motion picture) | ||
| 980 | |a Trung tâm Học liệu Trường Đại học Cần Thơ | ||